| 000 | 00571nam a2200169 a 4500 | ||
|---|---|---|---|
| 001 | 000023875 | ||
| 005 | 20200930022532.0 | ||
| 008 | 110114s1991 cu a r 000 0 spa d | ||
| 040 |
_aDO-SdBNP _bspa _cBNPHU |
||
| 082 |
_axxxxx _bL923S |
||
| 100 | 1 |
_aSimón, Pedro _99866 |
|
| 245 | 1 | 0 |
_aDulce María Loynaz : _bValoración multiple / _cPedro Simón ; edición Reinaldo Castillo. |
| 260 |
_aLa Habana : _bCentro de Investigaciones Literarias Casa de las Américas, _c1991. |
||
| 300 |
_a834 p. : _bil. ; _c22 cm. |
||
| 700 | 1 |
_aCastillo, Reinaldo, _eed. _93176 |
|
| 049 | _aBNGR | ||
| 999 |
_c23371 _d23371 |
||